000 00727nam a2200217 a 4500
001 000023530
005 20200930022303.0
008 101210s1950 ag 000 0 spa d
040 _aDO-SdBNP
_bspa
_cBNPHU
082 _a860
_bV432g
100 1 _aVela, Fernando.
_948501
245 1 3 _aEl grano de pimienta /
_cFernando Vela.
260 _aBuenos Aires :
_bEspasa-Calpe,
_c1950.
300 _a179, [14] p. ;
_c18 cm.
490 1 _aAustral. Ensayos y filosofía
_v984
504 _aIncluye referencias bibliográficas y notas al pie de las páginas.
650 4 _aLiteratura-ensayos, conferencias, etc.
_948502
650 4 _aCrítica literaria
_93141
830 0 _aAustral.
_pEnsayos y filosofía
_v984
_941590
049 _aBNGR
999 _c23026
_d23026